|
|
|
|
| LEADER |
00000nab a2200000 a 4500 |
| 001 |
vtls000817073 |
| 003 |
SK-MaSNL |
| 005 |
20260304034546.0 |
| 008 |
180409c2002 xo 0 slo |
| 015 |
|
|
|a SNBRB2002/12-39732
|
| 035 |
|
|
|a CLN000168728
|
| 040 |
|
|
|a SNKBUCL
|b slo
|c SNKBUCL
|e AACR2
|
| 041 |
0 |
|
|a slo
|
| 044 |
|
|
|a xo
|c SK
|
| 080 |
|
|
|a 943.76"1944"
|2 1981
|
| 080 |
|
|
|a 940.53
|2 1981
|
| 100 |
1 |
|
|a Janas, Karol,
|d 1970-
|4 aut
|9 104505
|
| 245 |
1 |
0 |
|a Dubnickí Francúzi v SNP
|c Karol Janas
|
| 300 |
|
|
|b Fotogr.
|
| 648 |
|
7 |
|a 1944
|2 snkbucl
|9 294704
|
| 648 |
|
7 |
|a 20. stor., 40. r.
|2 snkbucl
|9 771010
|
| 650 |
0 |
7 |
|a Slovenské národné povstanie (1944)
|2 snkbucl
|9 177948
|
| 650 |
0 |
7 |
|a protifašistický odboj
|2 snkbucl
|9 4751
|
| 650 |
0 |
7 |
|a druhá svetová vojna (1939-1945)
|2 snkbucl
|9 169657
|
| 650 |
0 |
7 |
|a francúzski partizáni
|2 snkbucl
|9 311721
|
| 650 |
0 |
7 |
|a partizánske hnutie
|2 snkbucl
|9 28865
|
| 650 |
0 |
7 |
|a dejiny miest
|2 SNKPH
|9 164833
|
| 651 |
|
7 |
|a Dubnica nad Váhom (Slovensko)
|2 snkbucl
|9 58303
|
| 773 |
0 |
|
|t Bojovník
|g Roč. 28, č. 16 (2002), s. 7
|x 0323-2018
|
| 850 |
|
|
|a Slovenská národná knižnica v Martine
|
| 852 |
|
|
|a SNK
|b KIS3GCP
|
| 958 |
|
|
|a FR
|
| 958 |
|
|
|a OS
|
| 999 |
|
|
|c 2653741
|d 2655671
|